Histología médico-práctica (Registro nro. 6163)

Detalles MARC
000 -CABECERA
campo de control de longitud fija 00627cam a2200229 i 4500
001 - NÚMERO DE CONTROL
campo de control Rebiun37362640
003 - IDENTIFICADOR DEL NÚMERO DE CONTROL
campo de control AR-RoIUNI
005 - FECHA Y HORA DE LA ÚLTIMA TRANSACCIÓN
campo de control 20250729155051.0
006 - CÓDIGOS DE INFORMACIÓN DE LONGITUD FIJA--CARACTERÍSTICAS DEL MATERIAL ADICIONAL
campo de control de longitud fija m o d 000 0
007 - CAMPO FIJO DE DESCRIPCIÓN FÍSICA--INFORMACIÓN GENERAL
campo de control de longitud fija cr
008 - DATOS DE LONGITUD FIJA--INFORMACIÓN GENERAL
campo de control de longitud fija 250323s2025||||ag a o |||| 0|spa d
020 ## - NÚMERO INTERNACIONAL ESTÁNDAR DEL LIBRO
Número Internacional Estándar del Libro 9789500697408
040 ## - FUENTE DE LA CATALOGACIÓN
Centro catalogador/agencia de origen ES.ZaU
Centro/agencia transcriptor
080 ## - NÚMERO DE LA CLASIFICACIÓN DECIMAL UNIVERSAL
Número de la Clasificación Decimal Universal 611.018 HIS
245 10 - MENCIÓN DE TÍTULO
Título Histología médico-práctica
Mención de responsabilidad, etc. Herminia Alicia Brusco ... [et al.]
250 ## - MENCIÓN DE EDICIÓN
Mención de edición 2a. ed.
260 ## - PUBLICACIÓN, DISTRIBUCIÓN, ETC. (PIE DE IMPRENTA)
Lugar de publicación, distribución, etc. Buenos Aires
Nombre del editor, distribuidor, etc. Editorial Médica Panamericana
Fecha de publicación, distribución, etc. 2025
300 ## - DESCRIPCIÓN FÍSICA
Extensión 568 p.
Otras características físicas il.
Dimensiones 28 cm.
650 00 - PUNTO DE ACCESO ADICIONAL DE MATERIA--TÉRMINO DE MATERIA
Término de materia o nombre geográfico como elemento inicial Histología
9 (RLIN) 61
700 1# - PUNTO DE ACCESO ADICIONAL--NOMBRE DE PERSONA
Nombre de persona Brusco, Herminia Alicia
942 ## - ELEMENTOS DE PUNTO DE ACCESO ADICIONAL (KOHA)
Fuente del sistema de clasificación o colocación Clasificación Decimal Universal
Tipo de ítem Koha Libros
Existencias
Estado de retiro Estado de pérdida Fuente del sistema de clasificación o colocación Estado dañado Excepción de préstamo Código de colección Localización permanente Ubicación/localización actual Ubicación en estantería Fecha de adquisición Fuente de adquisición Número de inventario Total de préstamos Renovaciones totales Signatura topográfica completa Código de barras Fecha visto por última vez Fecha del último préstamo Precio válido a partir de Tipo de ítem Koha En préstamo
    Clasificación Decimal Universal     Medicina BIBLIOTECA CENTRAL BIBLIOTECA CENTRAL BIBLIOTECA CENTRAL 29/07/2025 Compra 8889 3 2 611.018 HIS 8889 10/11/2025 22/10/2025 29/07/2025 Libros  
    Clasificación Decimal Universal     Medicina BIBLIOTECA CENTRAL BIBLIOTECA CENTRAL BIBLIOTECA CENTRAL 29/07/2025 Compra 8890 2 1 611.018 HIS 8890 22/04/2026 22/04/2026 29/07/2025 Libros 29/04/2026
    Clasificación Decimal Universal     Medicina BIBLIOTECA CENTRAL BIBLIOTECA CENTRAL BIBLIOTECA CENTRAL 30/07/2025 Compra 8891 2   611.018 HIS 8891 22/04/2026 22/04/2026 30/07/2025 Libros 29/04/2026